000 00854cam a22002533a 4500
001 1096
003 PGUSA
005 20140828082956.0
008 971101s1997||||xxu|||||s|||||000 1 eng d
040 _aPGUSA
_beng
042 _adc
050 4 _aPS
100 1 _aLondon, Jack,
_d1876-1916
245 1 4 _aThe Faith of Men
_h[electronic resource] /
_cJack London
260 _bProject Gutenberg,
_c1997
505 0 _aA relic of the Pliocene -- A hyperborean brew -- The faith of men -- Too much gold -- The one thousand dozen -- The marriage of Lit-lit -- Bâtard -- The story of Jees Uck.
506 _aPublic domain in the USA.
516 _aElectronic text
653 _aShort stories, American
653 _aManners and customs -- Fiction
830 0 _aProject Gutenberg
_v1096
856 4 0 _uhttp://www.gutenberg.org/ebooks/1096
942 _cEB
999 _c230444
_d230444